| 000 | 00495nam a2200181 4500 | ||
|---|---|---|---|
| 005 | 20240530110936.0 | ||
| 008 | 221012s |||||||| |||| 00| 0 eng d | ||
| 017 | _bمصر. دار الكتب | ||
| 020 | _a0748602925 | ||
| 040 |
_aEG-CaGPL _cEG-CaGPL |
||
| 082 | 0 | 4 |
_221 _a792.09\ _bM L |
| 100 | _a MOREH, SHMUEL | ||
| 245 | 1 | 0 |
_aLive Theatre and Dramatic Literature in the Medieval Arabic World \ _cSHMUEL MOREH |
| 300 | _a205 P. | ||
| 650 | 0 | 7 | _2qrmak |
| 651 | _2qrmak | ||
| 942 |
_2ddc _cBK |
||
| 999 |
_c66735 _d66735 |
||